[Event "Titled Tuesday intern op 08th Aug Early"]
[Site "Chess.com INT"]
[Date "2023.08.08"]
[Round "3"]
[White "Kanyamarala, Trisha"]
[Black "Pratama, Constantius Leonard"]
[Result "1/2-1/2"]
[WhiteElo "2344"]
[BlackElo "2070"]
[PlyCount "101"]
[EventDate "2023.08.08"]
[EventType "swiss (blitz)"]
[EventRounds "11"]
[EventCountry "USA"]
[SourceTitle "EXT 2024"]
[Source "ChessBase"]
[SourceDate "2023.10.10"]
[SourceVersion "1"]
[SourceVersionDate "2023.10.10"]
[SourceQuality "1"]

1. Nf3 Nf6 2. b3 g6 3. Bb2 Bg7 4. g3 0-0 5. Bg2 d6 6. 0-0 e5 7. d3 Re8 8. Nbd2 Nbd7 9. c4 c6 10. Rc1 b6 11. Ng5 Bb7 12. Nge4 Nxe4 13. Nxe4 Nf6 14. Ba3 Nxe4 15. Bxe4 d5 16. cxd5 cxd5 17. Bg2 Rc8 18. Qd2 Qd7 19. h4 Rxc1 20. Rxc1 Rc8 21. Kh2 f5 22. h5 Kf7 23. Rxc8 Qxc8 24. Qb4 Qd7 25. Bb2 Qe7 26. Qb5 e4 27. Bxg7 Kxg7 28. dxe4 dxe4 29. Qc4 Kh6 30. hxg6 hxg6 31. Qc1+ Kg7 32. Qc3+ Qf6 33. Qc7+ Qf7 34. Qe5+ Kh7 35. Qb8 Bd5 36. e3 Qb7 37. Qe5 a5 38. Bf1 Qd7 39. Be2 Bf7 40. Bb5 Qd2 41. Kg1 Qe1+ 42. Kg2 Qd2 43. Qe7 Kg8 44. Be8 Bxe8 45. Qxe8+ Kg7 46. Qe7+ Kh6 47. Qf8+ Kh7 48. Qf7+ Kh6 49. Qf8+ Kh7 50. Qf7+ Kh6 51. Qf8+ 1/2-1/2

[Event "Titled Tuesday intern op 08th Aug Early"]
[Site "Chess.com INT"]
[Date "2023.08.08"]
[Round "2"]
[White "Pratama, Constantius Leonard"]
[Black "Nithyalakshmi, Sivanesan"]
[Result "1-0"]
[WhiteElo "2070"]
[BlackElo "1889"]
[PlyCount "59"]
[EventDate "2023.08.08"]
[EventType "swiss (blitz)"]
[EventRounds "11"]
[EventCountry "USA"]
[SourceTitle "EXT 2024"]
[Source "ChessBase"]
[SourceDate "2023.10.10"]
[SourceVersion "1"]
[SourceVersionDate "2023.10.10"]
[SourceQuality "1"]

1. e4 e6 2. d4 d5 3. e5 Bd7 4. Nf3 a6 5. c3 Bb5 6. Be2 Be7 7. 0-0 Bxe2 8. Qxe2 Nc6 9. Na3 g5 10. Nc2 h5 11. Nfe1 Nh6 12. f4 g4 13. Ne3 Qd7 14. f5 Bg5 15. f6 Bxe3+ 16. Bxe3 Nf5 17. Nd3 0-0-0 18. Nc5 Qe8 19. b4 Nb8 20. a4 Rg8 21. Rfb1 h4 22. b5 a5 23. b6 c6 24. Nb3 Qf8 25. Nxa5 c5 26. Nb3 c4 27. Nc5 Nc6 28. a5 Nxe3 29. Qxe3 g3 30. h3 1-0

[Event "FIDE World Uni Rapid-F 1st"]
[Site "Tornelo INT"]
[Date "2021.03.21"]
[Round "8"]
[White "Pratama, Constantius Leonard"]
[Black "Fierro Jaquez, Carlos Jahi"]
[Result "1-0"]
[WhiteElo "2096"]
[BlackElo "1833"]
[PlyCount "111"]
[EventDate "2021.03.20"]
[EventType "swiss (rapid)"]
[EventRounds "12"]
[EventCountry "NET"]
[SourceTitle "EXT 2022"]
[Source "ChessBase"]
[SourceDate "2021.10.06"]
[SourceVersion "1"]
[SourceVersionDate "2021.10.06"]
[SourceQuality "1"]

1. e4 c5 2. Nc3 e6 3. Nf3 Nc6 4. Bb5 Nd4 5. Bc4 a6 6. a4 d6 7. d3 Nf6 8. Nxd4 cxd4 9. Ne2 e5 10. Bg5 Be7 11. 0-0 Bd7 12. h3 h6 13. Bxf6 Bxf6 14. f4 b5 15. fxe5 dxe5 16. axb5 axb5 17. Bd5 Rc8 18. Ng3 0-0 19. Nh5 Bg5 20. Ra7 Rc7 21. Rxc7 Qxc7 22. Bb3 Qd8 23. Qf3 Qe7 24. Ra1 Be6 25. Bxe6 Qxe6 26. b3 Rc8 27. Ra2 g6 28. Ng3 Kg7 29. Qg4 Qxg4 30. hxg4 Be3+ 31. Kf1 Kf6 32. Ke2 Kg5 33. Nf1 Kxg4 34. Nxe3+ dxe3 35. Kxe3 Kg3 36. c4 f5 37. exf5 gxf5 38. Ra6 Kxg2 39. Rg6+ Kf1 40. Rxh6 bxc4 41. bxc4 Rd8 42. Rf6 f4+ 43. Ke4 Ke2 44. Kxe5 f3 45. d4 Kd3 46. c5 Kc4 47. Rxf3 Rxd4 48. c6 Rd5+ 49. Ke6 Rc5 50. Kd7 Rd5+ 51. Kc7 Rb5 52. Rf4+ Kd3 53. Kd7 Ke3 54. Rh4 Rd5+ 55. Kc8 Kf3 56. c7 1-0

[Event "Kuala Lumpur Inter Varsity-ch"]
[Site "Kuala Lumpur"]
[Date "2020.02.11"]
[Round "3"]
[White "Kumaresan, Nhavin"]
[Black "Pratama, Constantius Leonard"]
[Result "0-1"]
[WhiteElo "1765"]
[BlackElo "2113"]
[PlyCount "74"]
[EventDate "2020.02.10"]
[EventType "swiss"]
[EventRounds "9"]
[EventCountry "MAS"]
[SourceTitle "CBM 195 Extra"]
[Source "ChessBase"]
[SourceDate "2020.05.31"]
[SourceVersion "1"]
[SourceVersionDate "2020.05.31"]
[SourceQuality "1"]

1. e4 c5 2. c3 d5 3. exd5 Qxd5 4. d4 Nc6 5. Nf3 Nf6 6. Be2 e6 7. 0-0 Be7 8. Be3 cxd4 9. cxd4 0-0 10. Nc3 Qa5 11. a3 Nd5 12. Qc2 Nxc3 13. bxc3 b6 14. c4 Bb7 15. Rfb1 Ba6 16. Rb5 Bxb5 17. cxb5 Nb4 18. Qb3 a6 19. Bd2 axb5 20. Rb1 Qxa3 21. Bxb4 Qxb3 22. Rxb3 Bxb4 23. Rxb4 Ra1+ 24. Bf1 Rc8 25. Rb2 Rcc1 26. Nd2 Rd1 27. g3 g5 28. g4 h5 29. h3 h4 30. Kg2 b4 31. Bc4 Rac1 32. Bd3 Rg1+ 33. Kf3 Rh1 34. Rb3 Rc3 35. Rxc3 bxc3 36. Nb1 Rxh3+ 37. Ke2 Rxd3 0-1

[Event "World ol U16"]
[Site "Ahmedabad"]
[Date "2017.12.17"]
[Round "8.3"]
[White "Pratama, Constantius Leonard"]
[Black "Poleg, Dan"]
[Result "0-1"]
[WhiteElo "2134"]
[BlackElo "2268"]
[PlyCount "90"]
[EventDate "2017.12.11"]
[EventType "team-swiss"]
[EventRounds "9"]
[EventCountry "IND"]
[SourceTitle "CBM 182 Extra"]
[Source "ChessBase"]
[SourceDate "2018.02.23"]
[SourceVersion "1"]
[SourceVersionDate "2018.02.23"]
[SourceQuality "1"]
[WhiteTeam "Indonesia"]
[BlackTeam "Israel"]
[WhiteTeamCountry "INA"]
[BlackTeamCountry "ISR"]

1. e4 e5 2. Nf3 Nc6 3. Bb5 g6 4. 0-0 Nge7 5. c3 Bg7 6. d4 exd4 7. cxd4 a6 8. Ba4 b5 9. Bb3 d6 10. h3 0-0 11. Nc3 Na5 12. Bc2 Bb7 13. Re1 Rc8 14. Bf4 c5 15. dxc5 dxc5 16. Be5 Nc4 17. Bxg7 Kxg7 18. Qc1 Qc7 19. Nh2 h5 20. b3 Nb6 21. Qe3 Rce8 22. e5 Ned5 23. Nxd5 Nxd5 24. Qg5 Qe7 25. Nf3 Qxg5 26. Nxg5 Re7 27. a4 bxa4 28. Rxa4 Nb4 29. Bb1 Bc6 30. Ra5 Bb5 31. f4 Nc6 32. Ra2 Nd4 33. Rb2 Rd8 34. Kf2 Bc6 35. Be4 Rb7 36. Bxc6 Nxc6 37. Rc2 Nb4 38. Ree2 Nxc2 39. Rxc2 Rxb3 40. Rxc5 Rd2+ 41. Kg1 Rbb2 42. Rc7 Rxg2+ 43. Kh1 Rh2+ 44. Kg1 Rhc2 45. Rxf7+ Kg8 0-1

[Event "World ol U16"]
[Site "Ahmedabad"]
[Date "2017.12.16"]
[Round "6.3"]
[White "Pratama, Constantius Leonard"]
[Black "Adhikari, Kripa"]
[Result "1-0"]
[WhiteElo "2134"]
[BlackElo "1446"]
[PlyCount "69"]
[EventDate "2017.12.11"]
[EventType "team-swiss"]
[EventRounds "9"]
[EventCountry "IND"]
[SourceTitle "CBM 182 Extra"]
[Source "ChessBase"]
[SourceDate "2018.02.23"]
[SourceVersion "1"]
[SourceVersionDate "2018.02.23"]
[SourceQuality "1"]
[WhiteTeam "Indonesia"]
[BlackTeam "Nepal II"]
[WhiteTeamCountry "INA"]
[BlackTeamCountry "NEP"]

1. e4 d5 2. exd5 Nf6 3. Nc3 c6 4. dxc6 Nxc6 5. Nf3 e5 6. d3 Bc5 7. Be2 0-0 8. 0-0 Re8 9. Bg5 h6 10. Bh4 Be7 11. Bg3 Qc7 12. d4 Bd6 13. Nb5 Qe7 14. Nxd6 Qxd6 15. dxe5 Qxd1 16. Raxd1 Ng4 17. h3 Ngxe5 18. Nxe5 Nxe5 19. Bxe5 Rxe5 20. Rd8+ Kh7 21. Bf3 Rb8 22. Rf8 Re7 23. Rd1 Rc7 24. Rdd8 f5 25. Bh5 g6 26. Rh8+ Kg7 27. Rhg8+ Kf6 28. Rxg6+ Ke5 29. c3 Rd7 30. f4+ Kxf4 31. Re8 Rd3 32. Kf2 Rd2+ 33. Be2 Rxe2+ 34. Rxe2 Bd7 35. g3# 1-0